<?xml version="1.0" encoding="UTF-8"?>
<record
    xmlns:xsi="http://www.w3.org/2001/XMLSchema-instance"
    xsi:schemaLocation="http://www.loc.gov/MARC21/slim http://www.loc.gov/standards/marcxml/schema/MARC21slim.xsd"
    xmlns="http://www.loc.gov/MARC21/slim">

  <leader>00628nam a22002057a 4500</leader>
  <controlfield tag="003">By Alan Axelord</controlfield>
  <controlfield tag="005">20220210101340.0</controlfield>
  <controlfield tag="008">220210b        sa ||||| |||| 00| 0 eng d</controlfield>
  <datafield tag="010" ind1=" " ind2=" ">
    <subfield code="a">HD57.7</subfield>
  </datafield>
  <datafield tag="020" ind1=" " ind2=" ">
    <subfield code="a">9781402779060</subfield>
    <subfield code="q">paperback</subfield>
  </datafield>
  <datafield tag="040" ind1=" " ind2=" ">
    <subfield code="a">OCLC</subfield>
    <subfield code="b">English</subfield>
    <subfield code="c">OCLC</subfield>
    <subfield code="e">RDA</subfield>
  </datafield>
  <datafield tag="050" ind1=" " ind2=" ">
    <subfield code="a">HD57.7</subfield>
    <subfield code="b">AXEL</subfield>
  </datafield>
  <datafield tag="082" ind1=" " ind2=" ">
    <subfield code="2">23</subfield>
    <subfield code="a">658.4092</subfield>
    <subfield code="b">AXEL</subfield>
  </datafield>
  <datafield tag="100" ind1=" " ind2=" ">
    <subfield code="a">Alan Axelrod</subfield>
    <subfield code="d">[2011]</subfield>
    <subfield code="e">Author</subfield>
    <subfield code="9">130383</subfield>
  </datafield>
  <datafield tag="245" ind1=" " ind2=" ">
    <subfield code="a">Napoleon, CEO: </subfield>
    <subfield code="b">6 principles to guide and inspire modern leaders</subfield>
    <subfield code="c">by Alan Axelrod</subfield>
  </datafield>
  <datafield tag="260" ind1=" " ind2=" ">
    <subfield code="a">New York ,</subfield>
    <subfield code="b">Sterling,</subfield>
    <subfield code="c">&#xA9;2011</subfield>
  </datafield>
  <datafield tag="300" ind1=" " ind2=" ">
    <subfield code="a">280p.:</subfield>
    <subfield code="c">24cm</subfield>
  </datafield>
  <datafield tag="504" ind1=" " ind2=" ">
    <subfield code="a">Include Index(269-280)</subfield>
  </datafield>
  <datafield tag="942" ind1=" " ind2=" ">
    <subfield code="2">ddc</subfield>
    <subfield code="c">BOOK</subfield>
  </datafield>
  <datafield tag="999" ind1=" " ind2=" ">
    <subfield code="c">630511</subfield>
    <subfield code="d">630510</subfield>
  </datafield>
  <datafield tag="952" ind1=" " ind2=" ">
    <subfield code="0">0</subfield>
    <subfield code="1">0</subfield>
    <subfield code="2">ddc</subfield>
    <subfield code="4">0</subfield>
    <subfield code="7">0</subfield>
    <subfield code="8">600</subfield>
    <subfield code="a">KWAML</subfield>
    <subfield code="b">MAPHL</subfield>
    <subfield code="c">GEN</subfield>
    <subfield code="d">2022-02-10</subfield>
    <subfield code="i"> </subfield>
    <subfield code="o"> 658.4092 AXEL</subfield>
    <subfield code="p"> 33228031085971</subfield>
    <subfield code="r">2022-02-10</subfield>
    <subfield code="w">2022-02-10</subfield>
    <subfield code="y">BOOK</subfield>
  </datafield>
  <datafield tag="952" ind1=" " ind2=" ">
    <subfield code="0">0</subfield>
    <subfield code="1">0</subfield>
    <subfield code="2">ddc</subfield>
    <subfield code="4">0</subfield>
    <subfield code="7">0</subfield>
    <subfield code="8">600</subfield>
    <subfield code="a">STANDL</subfield>
    <subfield code="b">STANDL</subfield>
    <subfield code="c">Non_Fiction</subfield>
    <subfield code="d">2023-11-14</subfield>
    <subfield code="g">299.00</subfield>
    <subfield code="i">9781402779060</subfield>
    <subfield code="l">0</subfield>
    <subfield code="o">23 658.4092 AXEL</subfield>
    <subfield code="p">3322830153208</subfield>
    <subfield code="r">2023-11-14</subfield>
    <subfield code="v">299.00</subfield>
    <subfield code="w">2023-11-14</subfield>
    <subfield code="y">BOOK</subfield>
  </datafield>
  <datafield tag="952" ind1=" " ind2=" ">
    <subfield code="0">0</subfield>
    <subfield code="1">0</subfield>
    <subfield code="2">ddc</subfield>
    <subfield code="4">0</subfield>
    <subfield code="7">0</subfield>
    <subfield code="a">SABIL</subfield>
    <subfield code="b">SABIL</subfield>
    <subfield code="c">Non_Fiction</subfield>
    <subfield code="d">2024-10-31</subfield>
    <subfield code="l">0</subfield>
    <subfield code="o"> 658.4092 AXEL</subfield>
    <subfield code="p">33228024711473</subfield>
    <subfield code="r">2024-10-31</subfield>
    <subfield code="w">2024-10-31</subfield>
    <subfield code="y">BOOK</subfield>
  </datafield>
</record>
